000 00587nam a22001577a 4500
008 160427b xxu||||| |||| 00| 0 eng d
082 _22009
_aUT 0182
_bAr28
100 _96466
_aArdiente, Fema Marie P.
245 _aTherapeutic skills of staff nurses and patient's satisfaction/
_cFema Marie P. Ardiente, Honey Lou L. Bancale and Romel J. Pangilinan.
260 _aDigos City:
_bUMDC
_cNovember 2009.
300 _a58 pages;
_c27 cm.
650 0 _96467
_aNursing
_xUndergraduate thesis.
700 _96468
_aBancale, Honey Lou L.
700 _96469
_aPangilinan, Romel J.
942 _2ddc
_cUT
999 _c2009
_d2009